| 000 | 00883nam a22002537a 4500 | ||
|---|---|---|---|
| 999 |
_c7346 _d7346 |
||
| 001 | 5269 | ||
| 003 | BD-DhUAP | ||
| 005 | 20210119151308.0 | ||
| 008 | 210119r20022000nyu f 000 0 eng d | ||
| 020 | _a0194366723 | ||
| 040 |
_aKLG001 _bEng _dBD-DhUAP _cBD-DhUAP |
||
| 082 | 0 | 0 |
_223 _a428.076 SOA |
| 100 | 1 | _aSoars, John. | |
| 245 | 1 | 0 |
_aNew Headway : _bEnglish course : pre-intermediate workbook with key / _cJohn Soars and Liz Soars. |
| 260 |
_aOxford : _bOxford University Press, _cc2000 [Reprinted 2002]. |
||
| 300 |
_a96 pages : _billustrations ; _c28 cm. |
||
| 650 | 0 |
_aEnglish language _xSpoken English _xStudy and teaching. |
|
| 650 | 0 |
_aEnglish language _xSound recordings for foreign speakers. |
|
| 650 | 0 |
_aEnglish language _xStudy and teaching. |
|
| 700 | 1 | _aSoars, Liz. | |
| 942 |
_2ddc _cBK |
||